Computer (Registro nro. 8507)

Detalles MARC
000 -LEADER
fixed length control field 00681nas a2200205 454500
001 - CONTROL NUMBER
control field 18925
005 - DATE AND TIME OF LATEST TRANSACTION
control field 20260407193505.0
008 - FIXED-LENGTH DATA ELEMENTS--GENERAL INFORMATION
fixed length control field 260407s1983####ag###########|||spa#d
003 - CONTROL NUMBER IDENTIFIER
control field AR-UNSa-BCEJYS
040 ## - CATALOGING SOURCE
Original cataloging agency AR-UNSa-BCEJYS
Language of cataloging spa
Transcribing agency AR-UNSa-BCEJYS
080 ## - UNIVERSAL DECIMAL CLASSIFICATION NUMBER
Universal Decimal Classification number 004
Common auxiliary subdivision Ciencia y tecnología de los ordenadores. Informática
100 1# - MAIN ENTRY--PERSONAL NAME
Personal name Balaña, Carlos
245 10 - TITLE STATEMENT
Title Computer
Name of part/section of a work revista de informática
264 #1 - PRODUCTION, PUBLICATION, DISTRIBUTION, MANUFACTURE, AND COPYRIGHT NOTICE
Place of production, publication, distribution, manufacture Buenos Aires :
Name of producer, publisher, distributor, manufacturer Mini Computer
Date of production, publication, distribution, manufacture, or copyright notice 1983
310 ## - CURRENT PUBLICATION FREQUENCY
Current publication frequency Frecuencia: Mensual
590 ## - LOCAL NOTE (RLIN)
Local note niveau_biblio:s niveau_hierar:1
650 ## - SUBJECT ADDED ENTRY--TOPICAL TERM
Topical term or geographic name entry element Informática
856 41 - ELECTRONIC LOCATION AND ACCESS
Uniform Resource Identifier <a href="https://biblioeco.unsa.edu.ar/pmb/images/revistas/Computer.jpg">https://biblioeco.unsa.edu.ar/pmb/images/revistas/Computer.jpg</a>
Link text Imagen de portada
Electronic format type image/jpeg
942 ## - ADDED ENTRY ELEMENTS (KOHA)
Koha item type
Existencias
Withdrawn status Lost status Damaged status Not for loan Home library Current library Shelving location Date acquired Serial enumeration / chronology Total checkouts Full call number Barcode Date last seen Price effective from Koha item type
        Biblioteca Prof. Eusebio Cleto del Rey Biblioteca Prof. Eusebio Cleto del Rey   01/08/1984 Año III, Nº 35/36 - ago. 1984   H004 COM 35/36 R08750 10/04/2026 10/04/2026 Numero
        Biblioteca Prof. Eusebio Cleto del Rey Biblioteca Prof. Eusebio Cleto del Rey   01/05/1984 Año III, Nº 33 - mayo 1984   H004 COM 33 R08749 10/04/2026 10/04/2026 Numero
        Biblioteca Prof. Eusebio Cleto del Rey Biblioteca Prof. Eusebio Cleto del Rey   01/04/1984 Año III, Nº 32 - abr. 1984   H004 COM 32 R08748 10/04/2026 10/04/2026 Numero
        Biblioteca Prof. Eusebio Cleto del Rey Biblioteca Prof. Eusebio Cleto del Rey   01/03/1984 Año III, Nº 30/31 - mar. 1984   H004 COM 30/31 R08747 10/04/2026 10/04/2026 Numero
        Biblioteca Prof. Eusebio Cleto del Rey Biblioteca Prof. Eusebio Cleto del Rey   01/01/1984 Año III, Nº 28/29 - ene. 1984   H004 COM 28/29 R08746 10/04/2026 10/04/2026 Numero
        Biblioteca Prof. Eusebio Cleto del Rey Biblioteca Prof. Eusebio Cleto del Rey   01/11/1983 Año III, Nº 27 - nov. 1983   H004 COM 27 R08745 10/04/2026 10/04/2026 Numero
        Biblioteca Prof. Eusebio Cleto del Rey Biblioteca Prof. Eusebio Cleto del Rey   01/10/1983 Año III, Nº 26 - oct. 1983   H004 COM 26 R08744 10/04/2026 10/04/2026 Numero
        Biblioteca Prof. Eusebio Cleto del Rey Biblioteca Prof. Eusebio Cleto del Rey   01/09/1983 Año III, Nº 25 - sep. 1983   H004 COM 25 R08743 10/04/2026 10/04/2026 Numero